| 000 | 00937cab a2200313 4500 | ||
|---|---|---|---|
| 001 | WB2437-37 | ||
| 008 | 090401t1988 xxu||||| |||| 00| 0 eng d | ||
| 035 | _a(Sirsi) u25297 | ||
| 041 | _aeng | ||
| 245 | _aBest BES Advice | ||
| 260 | _c1988 | ||
| 350 | _a0 | ||
| 490 |
_aMoney Week _vno 75, 13/9/88 p14 |
||
| 520 | _aGives details of a new monthly newsletter to be published by BES Investment Research which provides guidance to investors on the tax benefits of all BES issues and enterprise zone schemes. | ||
| 650 | _aASSURED TENANCIES | ||
| 650 | _aBARRATT DEVELOPMENTS | ||
| 650 | _aBESRES | ||
| 650 | _aCAPITAL FOR COMPANIES | ||
| 650 | _aCHANCERY PLC | ||
| 650 | _aEDDISONS | ||
| 650 | _aKEITH CARDALE GROVES | ||
| 650 | _aLONDON TOWN ASSURED PROPERTIES | ||
| 650 | _aTAX RELIEF | ||
| 650 | _aTAY HOMES | ||
| 650 | _aYORKSHIRE HOUSING TRUST | ||
| 690 | _aTAXATION | ||
| 942 | _n0 | ||
| 948 | _c04/03/1997 | ||
| 999 |
_c16981 _d16981 |
||